[Event "16th Unive op"]
[Site "Hoogeveen NED"]
[Date "2012.10.26"]
[Round "8.33"]
[White "Kolodkin, Daniil"]
[Black "Hovenga, Alje"]
[Result "1/2-1/2"]
[WhiteElo "1943"]
[BlackElo "2246"]
[EventDate "2012.10.19"]
[PlyCount "186"]

1.e4 c6 2.d4 d5 3.Nc3 dxe4 4.Nxe4 Nd7 5.Ng5 Ngf6 6.Bd3 e6 7.N1f3 Bd6 8.Qe2
h6 9.Ne4 Nxe4 10.Qxe4 Qc7 11.O-O b6 12.Qg4 Kf8 13.b3 Nf6 14.Qh4 Bb7 15.Bb2
Nd5 16.Rad1 Nf4 17.g3 Nxd3 18.Rxd3 Be7 19.Qh5 Bf6 20.Ne5 a5 21.Ba3+ Kg8 
22.Bd6 Qxd6 23.Qxf7+ Kh7 24.Qg6+ Kg8 25.Qf7+ Kh7 26.Qxb7 Rhb8 27.Qd7 Rd8 
28.Qxd6 Rxd6 29.Nc4 Rxd4 30.Nxb6 Rxd3 31.cxd3 Ra6 32.Nd7 Bd4 33.Nf8+ Kg8 
34.Nxe6 Bf6 35.Nc5 Ra8 36.Rc1 Re8 37.Ne4 Be7 38.Rxc6 Rd8 39.Kf1 Rxd3 40.
Ke2 Rd5 41.Ra6 Bb4 42.h4 h5 43.Rg6 Be7 44.Rb6 Kf7 45.a4 Re5 46.Kd3 Rd5+ 
47.Kc4 Rd1 48.Ng5+ Ke8 49.Rb5 Rc1+ 50.Kd3 Bb4 51.Ne4 g6 52.Ke3 Ke7 53.Kf4 
Re1 54.Nc5 Re2 55.Kf3 Rb2 56.Kg2 Rb1 57.Nb7 Rb2 58.Nxa5 Be1 59.Kf1 Bxf2 
60.Nc4 Ra2 61.Rg5 Bd4 62.Ne5 Kf6 63.Nxg6 Rf2+ 64.Ke1 Rb2 65.Nf4 Rxb3 66.
Nxh5+ Kf7 67.Ke2 Ra3 68.Ra5 Bc3 69.Ra6 Be5 70.Kf2 Bd4+ 71.Kg2 Kg8 72.Kh3 
Kf7 73.Kg4 Be5 74.Nf4 Bd4 75.Nh5 Be5 76.Kf5 Bd4 77.g4 Rf3+ 78.Nf4 Be3 79.
Rf6+ Kg7 80.h5 Rf1 81.h6+ Kg8 82.a5 Ra1 83.Kg6 Bc5 84.a6 Be7 85.Re6 Bf8 
86.h7+ Kh8 87.Re8 Rxa6+ 88.Ne6 Ra8 89.Kf7 Rxe8 90.Kxe8 Bh6 91.Nf8 Kg7 92.
Ke7 Bc1 93.Ke6 Ba3 1/2-1/2

[Event "16th Unive op"]
[Site "Hoogeveen NED"]
[Date "2012.10.26"]
[Round "8.34"]
[White "Gieben, Stijn"]
[Black "Stavast, Dick"]
[Result "0-1"]
[WhiteElo "2068"]
[BlackElo "2125"]
[EventDate "2012.10.19"]
[PlyCount "60"]

1.e4 d6 2.d4 Nf6 3.Nd2 e5 4.c3 exd4 5.cxd4 g6 6.h3 Bg7 7.Ngf3 O-O 8.Bd3 c5
9.d5 b5 10.O-O c4 11.Bc2 Bb7 12.Re1 Nbd7 13.Nf1 Re8 14.Ng3 Nc5 15.Bg5 h6 
16.Bd2 a5 17.Bc3 b4 18.Bd4 Rc8 19.h4 h5 20.Ng5 Ba6 21.f4 Nd3 22.Bxd3 cxd3 
23.Bxf6 Qxf6 24.Qf3 Rc2 25.Rab1 Qd4+ 26.Re3 d2 27.Rd1 Rc1 28.Kf2 Qxb2 29.
e5 Rxd1 30.f5 Rf1+ 0-1

[Event "16th Unive op"]
[Site "Hoogeveen NED"]
[Date "2012.10.26"]
[Round "8.35"]
[White "Hoffman, Ron"]
[Black "Van Osch, Mees"]
[Result "0-1"]
[WhiteElo "2107"]
[BlackElo "2083"]
[EventDate "2012.10.19"]
[PlyCount "74"]

1.d4 Nf6 2.c4 g6 3.Nc3 Bg7 4.e4 d6 5.Bd3 e5 6.d5 O-O 7.Nge2 a5 8.h3 Na6 9.
Bg5 Qe8 10.g4 Nd7 11.Ng3 Ndc5 12.Bc2 Bd7 13.f3 Rb8 14.b3 f5 15.exf5 e4 16.
f6 exf3+ 17.Kf2 Bxf6 18.Bxf6 Rxf6 19.Qd4 Qf8 20.Rae1 Rf4 21.Nce4 Nxe4+ 22.
Rxe4 Rf7 23.Rhe1 Qh6 24.Rh1 Rbf8 25.a3 Nc5 26.Re3 Rf4 27.Qc3 b5 28.Qxa5 
bxc4 29.Qxc7 cxb3 30.Bxb3 Rd4 31.Nf1 Qh4+ 32.Kg1 Rd2 33.Nxd2 Qg3+ 34.Kf1 
Qg2+ 35.Ke1 Nd3+ 36.Kd1 Qxh1+ 37.Kc2 Qc1+ 0-1

[Event "16th Unive op"]
[Site "Hoogeveen NED"]
[Date "2012.10.26"]
[Round "8.36"]
[White "Haver, Bas"]
[Black "Slingerland, Caroline"]
[Result "1/2-1/2"]
[WhiteElo "2044"]
[BlackElo "2103"]
[EventDate "2012.10.19"]
[PlyCount "81"]

1.e4 c5 2.Nf3 Nc6 3.d4 cxd4 4.Nxd4 e5 5.Nb5 d6 6.c4 Be6 7.N1c3 a6 8.Na3 
Be7 9.Bd3 Bg5 10.O-O Bxc1 11.Rxc1 Nf6 12.Nc2 O-O 13.Ne3 Rc8 14.a3 Ne8 15.
b4 Nd4 16.Ne2 Nxe2+ 17.Qxe2 Nf6 18.Rc3 g6 19.f4 exf4 20.Rxf4 Nh5 21.Rf1 
Qg5 22.Qf2 Qe5 23.Rc2 Qg5 24.Be2 Ng7 25.Nd5 Bxd5 26.exd5 Nf5 27.Qf4 Qxf4 
28.Rxf4 Ne3 29.Rd2 f5 30.h4 Rfe8 31.g4 Re5 32.g5 Kg7 33.Kf2 h6 34.Rd3 Rce8
35.Bf3 b6 36.Rc3 h5 37.Rd4 Ng4+ 38.Kg2 Ne3+ 39.Kf2 Ng4+ 40.Kg2 Ne3+ 41.Kf2
1/2-1/2

[Event "16th Unive op"]
[Site "Hoogeveen NED"]
[Date "2012.10.27"]
[Round "9.3"]
[White "Kasparov, Sergey"]
[Black "Ernst, Sipke"]
[Result "1/2-1/2"]
[WhiteElo "2476"]
[BlackElo "2554"]
[EventDate "2012.10.19"]
[PlyCount "116"]

1.c4 e5 2.Nc3 d6 3.g3 f5 4.Bg2 Nf6 5.e3 Be7 6.d4 O-O 7.Nge2 Na6 8.O-O c6 
9.b3 Nc7 10.Ba3 Qe8 11.dxe5 dxe5 12.Bd6 Bxd6 13.Qxd6 Rf7 14.Rfd1 Rd7 15.
Qc5 Na6 16.Qa3 Qf8 17.Qb2 Qe7 18.a3 Nc5 19.b4 Nd3 20.Qb3 e4 21.Nd4 Rd8 22.
c5+ Kh8 23.Bh3 Rf8 24.f4 Nh5 25.Bf1 a5 26.Rab1 axb4 27.axb4 Rd8 28.Qc2 Nf6
29.Bxd3 exd3 30.Rxd3 Be6 31.Nxe6 Rxd3 32.Qxd3 Qxe6 33.Re1 h6 34.Kg2 Qb3 
35.Rb1 Ra2+ 36.Kg1 Qc2 37.Qxc2 Rxc2 38.Nd1 Ne4 39.Ra1 Kh7 40.h3 h5 41.h4 
Kg6 42.Rb1 Re2 43.Rc1 Re1+ 44.Kg2 Kf7 45.Kf3 Ke6 46.Rb1 g6 47.Rc1 Ke7 48.
Rb1 Kd7 49.Rc1 Ke6 50.Rb1 Rg1 51.Ke2 Rxg3 52.Kd3 Kd5 53.Ra1 Rg2 54.Nc3+ 
Nxc3 55.Kxc3 Re2 56.Kd3 Rb2 57.Kc3 Re2 58.Kd3 Rb2 1/2-1/2

[Event "16th Unive op"]
[Site "Hoogeveen NED"]
[Date "2012.10.27"]
[Round "9.4"]
[White "Willemze, Thomas"]
[Black "Guramishvili, Sopiko"]
[Result "1/2-1/2"]
[WhiteElo "2377"]
[BlackElo "2418"]
[EventDate "2012.10.19"]
[PlyCount "99"]

1.e4 c5 2.Nc3 d6 3.d4 cxd4 4.Qxd4 a6 5.Be3 Nf6 6.O-O-O Nc6 7.Qd2 Ng4 8.f4 
e6 9.Nf3 Nxe3 10.Qxe3 Qc7 11.f5 Be7 12.Bc4 O-O 13.fxe6 fxe6 14.Ng5 Bxg5 
15.Qxg5 b5 16.Bb3 b4 17.Ne2 a5 18.Rhf1 Rxf1 19.Rxf1 Bd7 20.Qf5 Qc8 21.Qf7+
Kh8 22.Ba4 e5 23.Qd5 Nd4 24.Nxd4 Bxa4 25.b3 exd4 26.bxa4 Qa6 27.Rf7 Rg8 
28.Qxd4 Qc6 29.Kb1 Qxa4 30.Qxd6 Qe8 31.Re7 Qb5 32.Qd3 Qc5 33.Rd7 a4 34.Rd8
Qg1+ 35.Kb2 a3+ 36.Kb3 Qb1+ 37.Ka4 Qxa2 38.c4 bxc3 39.Rxg8+ Kxg8 40.Qxc3 
Qxg2 41.Qb3+ Kf8 42.Qxa3+ Kf7 43.Qb3+ Kf6 44.Qc3+ Ke6 45.Qc8+ Ke7 46.Qb7+ 
Ke6 47.Qd5+ Ke7 48.Qe5+ Kd7 49.Qf5+ Ke7 50.Qe5+ 1/2-1/2

[Event "16th Unive op"]
[Site "Hoogeveen NED"]
[Date "2012.10.27"]
[Round "9.6"]
[White "Okkes, Menno"]
[Black "Brynell, Stellan"]
[Result "1/2-1/2"]
[WhiteElo "2368"]
[BlackElo "2500"]
[EventDate "2012.10.19"]
[PlyCount "75"]

1.Nf3 Nf6 2.c4 e6 3.g3 d5 4.d4 dxc4 5.Bg2 Bb4+ 6.Bd2 c5 7.Bxb4 cxb4 8.Ne5 
O-O 9.a3 Nc6 10.Bxc6 bxc6 11.axb4 Qb6 12.O-O Qxb4 13.Qd2 c5 14.Rc1 Qxd2 
15.Nxd2 cxd4 16.Rxc4 d3 17.Nxd3 Bd7 18.Rc7 a6 19.Ne4 Bb5 20.Nd6 Bxd3 21.
exd3 h6 22.Rb7 Nd5 23.Kf1 g5 24.Ke2 Kg7 25.Nc4 Kf6 26.Nb6 Nxb6 27.Rxb6 
Rfc8 28.Kd2 Rc5 29.b4 Rf5 30.Ke3 Re5+ 31.Kd2 Rf5 32.Ke3 Re5+ 33.Kd2 a5 34.
Ra4 Rf5 35.Ke3 Re5+ 36.Kd2 Rf5 37.Ke3 Re5+ 38.Kd2 1/2-1/2

[Event "16th Unive op"]
[Site "Hoogeveen NED"]
[Date "2012.10.27"]
[Round "9.7"]
[White "Afek, Yochanan"]
[Black "Hendriks, Willy"]
[Result "1/2-1/2"]
[WhiteElo "2312"]
[BlackElo "2437"]
[EventDate "2012.10.19"]
[PlyCount "65"]

1.e4 d6 2.d4 Nf6 3.Nc3 g6 4.f4 Bg7 5.Nf3 O-O 6.e5 dxe5 7.fxe5 Nd5 8.Bc4 
Be6 9.Qe2 Nxc3 10.bxc3 Bxc4 11.Qxc4 Nc6 12.O-O Na5 13.Qb4 b6 14.Ba3 e6 15.
Qb5 c5 16.dxc5 Qd5 17.Bb4 Nc4 18.Rad1 a6 19.Rxd5 axb5 20.Rd7 bxc5 21.Bxc5 
Rfd8 22.Rxd8+ Rxd8 23.Bd4 Rd5 24.Re1 Kf8 25.Kf2 Ke8 26.Kg3 h6 27.h4 Kd7 
28.Kf4 Kc6 29.g4 Rd8 30.Bg1 Rd5 31.Bd4 Rd8 32.Bf2 Rd5 33.Bd4 1/2-1/2

[Event "16th Unive op"]
[Site "Hoogeveen NED"]
[Date "2012.10.27"]
[Round "9.11"]
[White "Heemskerk, Wim"]
[Black "Wiersma, Eelke"]
[Result "1/2-1/2"]
[WhiteElo "2254"]
[BlackElo "2367"]
[EventDate "2012.10.19"]
[PlyCount "36"]

1.c4 Nf6 2.g3 g6 3.Bg2 Bg7 4.Nc3 O-O 5.e4 d6 6.Nge2 c5 7.d3 Nc6 8.O-O a6 
9.h3 Rb8 10.a4 Ne8 11.Be3 Nc7 12.d4 cxd4 13.Nxd4 Ne6 14.Nde2 Nc5 15.Rb1 f5
16.Kh1 Ne5 17.b3 fxe4 18.Nxe4 Bf5 1/2-1/2

[Event "16th Unive op"]
[Site "Hoogeveen NED"]
[Date "2012.10.27"]
[Round "9.12"]
[White "Bezemer, Arno J"]
[Black "Kerigan, Demre"]
[Result "1-0"]
[WhiteElo "2329"]
[BlackElo "2238"]
[EventDate "2012.10.19"]
[PlyCount "77"]

1.e4 d6 2.d4 Nf6 3.Nc3 g6 4.Be3 c6 5.h3 Nbd7 6.f4 b5 7.Bd3 e5 8.Nf3 Qe7 9.
O-O Bh6 10.Qd2 O-O 11.Rae1 a6 12.g4 Bxf4 13.Bxf4 exf4 14.e5 dxe5 15.dxe5 
Nd5 16.Nxd5 Qc5+ 17.Kh2 Qxd5 18.Qxf4 Nc5 19.Qh6 Ne6 20.Nd2 Bb7 21.Rf5 f6 
22.Be4 Qd7 23.Rxf6 Rxf6 24.exf6 Rf8 25.Bxg6 Rxf6 26.Bxh7+ Kf7 27.Qe3 Qd6+ 
28.Kg1 Ng5 29.Ne4 Nxe4 30.Bxe4 Bc8 31.Rf1 Rxf1+ 32.Kxf1 Be6 33.a3 Bc4+ 34.
Ke1 c5 35.g5 Kg8 36.Bd3 Bxd3 37.cxd3 Qh2 38.Qxc5 Qxh3 39.Kd2 1-0

[Event "16th Unive op"]
[Site "Hoogeveen NED"]
[Date "2012.10.27"]
[Round "9.13"]
[White "Clemens, Adrian HP"]
[Black "Piasetski, Leon David"]
[Result "1/2-1/2"]
[WhiteElo "2213"]
[BlackElo "2298"]
[EventDate "2012.10.19"]
[PlyCount "81"]

1.d4 f5 2.g3 Nf6 3.Bg2 g6 4.Nf3 Bg7 5.O-O O-O 6.b3 d6 7.Bb2 Qe8 8.c4 e5 9.
dxe5 Ng4 10.Nc3 Nxe5 11.Qd2 Na6 12.Nd5 c6 13.Nc3 Qe7 14.Rad1 Nf7 15.Na4 
Be6 16.Bxg7 Kxg7 17.Nd4 Rae8 18.Nxe6+ Qxe6 19.Qd4+ Qe5 20.Qxa7 Re7 21.e3 
Nc5 22.Nxc5 dxc5 23.Qa5 g5 24.Qd2 g4 25.h4 gxh3 26.Bxh3 Ng5 27.Bg2 Ne4 28.
Qc2 h5 29.f4 Qf6 30.Bxe4 Rxe4 31.Rd7+ Rf7 32.Qd2 Rxd7 33.Qxd7+ Re7 34.Qd2 
Qe6 35.Kf2 Rd7 36.Qc3+ Kg6 37.Re1 Qe4 38.Qh8 Rd2+ 39.Re2 Rxe2+ 40.Kxe2 
Qc2+ 41.Kf3 1/2-1/2

[Event "16th Unive op"]
[Site "Hoogeveen NED"]
[Date "2012.10.27"]
[Round "9.14"]
[White "De Ruiter, Danny"]
[Black "Ben Artzi, Ido"]
[Result "1/2-1/2"]
[WhiteElo "2182"]
[BlackElo "2286"]
[EventDate "2012.10.19"]
[PlyCount "180"]

1.d4 Nf6 2.c4 g6 3.Nc3 d5 4.Bg5 Ne4 5.Bh4 Nxc3 6.bxc3 dxc4 7.e3 Be6 8.Be2 
Nd7 9.Nf3 Nb6 10.O-O Bg7 11.Nd2 f5 12.Bf3 Bd5 13.Re1 O-O 14.Bxd5+ Nxd5 15.
Nxc4 Nxc3 16.Qb3 Nd5 17.Qxb7 h6 18.Rad1 Qd7 19.Qa6 g5 20.Bg3 Rf6 21.Qb7 
Rff8 22.Be5 a5 23.Rb1 Rfb8 24.Qxb8+ Rxb8 25.Rxb8+ Kh7 26.Bxg7 Kxg7 27.Nxa5
c5 28.Nb3 c4 29.Nc5 Qa7 30.Rb2 Qa5 31.Rc1 c3 32.Rbc2 Nb4 33.Rxc3 Nxa2 34.
R3c2 Nxc1 35.Rxc1 Qd2 36.Ra1 Kf7 37.Nd7 f4 38.Ne5+ Kg7 39.exf4 Qxd4 40.Re1
Qxf4 41.g3 Qb4 42.Re3 Qd4 43.h3 h5 44.Nf3 Qd1+ 45.Kg2 g4 46.hxg4 hxg4 47.
Ne5 Qd5+ 48.Kg1 Qd1+ 49.Kg2 Kf6 50.Nd3 Kf5 51.Re5+ Kf6 52.Re3 Qd2 53.Kg1 
Qa5 54.Kg2 Qa1 55.Re1 Qd4 56.Re3 Kf7 57.Ne5+ Kf6 58.Nd3 Kf5 59.Kg1 e6 60.
Kg2 Qd5+ 61.Kg1 Qb5 62.Kg2 Qb1 63.Re5+ Kf6 64.Re3 Qd1 65.Nf4 e5 66.Nd3 e4 
67.Nf4 Ke5 68.Ne2 Qd2 69.Nc3 Kd4 70.Ne2+ Ke5 71.Nc3 Kd4 72.Ne2+ Kc5 73.Nf4
Qc2 74.Ne6+ Kc4 75.Ng5 Kd5 76.Nxe4 Ke5 77.Nc5+ Kf5 78.Nd3 Qc6+ 79.f3 Qa8 
80.Nf2 gxf3+ 81.Rxf3+ Kg5 82.Nd3 Qa2+ 83.Kf1 Qb1+ 84.Ke2 Qa2+ 85.Ke3 Qe6+ 
86.Kd2 Kg4 87.Re3 Qa2+ 88.Kd1 Qb3+ 89.Kd2 Qa2+ 90.Kd1 Qb3+ 1/2-1/2

[Event "16th Unive op"]
[Site "Hoogeveen NED"]
[Date "2012.10.27"]
[Round "9.15"]
[White "Majhi, Ankit"]
[Black "Vedder, Richard"]
[Result "1/2-1/2"]
[WhiteElo "1923"]
[BlackElo "2267"]
[EventDate "2012.10.19"]
[PlyCount "79"]

1.e4 e5 2.Nf3 Nc6 3.Bc4 Bc5 4.c3 Nf6 5.d3 d6 6.Bb3 Ne7 7.O-O Bb6 8.Nbd2 
O-O 9.Re1 Ng6 10.Nf1 Bg4 11.h3 Be6 12.Ng3 Qd7 13.d4 exd4 14.cxd4 Bxb3 15.
Qxb3 d5 16.e5 Ne8 17.Bd2 a5 18.h4 h6 19.Qd3 Qe6 20.b4 Ne7 21.a3 c6 22.Rab1
a4 23.b5 Bd8 24.Bb4 Nc7 25.bxc6 bxc6 26.Ne2 Re8 27.g3 Qg4 28.Rec1 Nb5 29.
Nf4 Rc8 30.Kg2 Qd7 31.e6 fxe6 32.Ne5 Qb7 33.Nxe6 Bb6 34.Bc5 Bxc5 35.Nxc5 
Qc7 36.Nxc6 Qxc6 37.Qxb5 Qf6 38.Qxa4 Nf5 39.Re1 Rf8 40.Qd7 1/2-1/2

[Event "16th Unive op"]
[Site "Hoogeveen NED"]
[Date "2012.10.27"]
[Round "9.17"]
[White "Vedder, Henk"]
[Black "Van Foreest, Lucas"]
[Result "1-0"]
[WhiteElo "2378"]
[BlackElo "1952"]
[EventDate "2012.10.19"]
[PlyCount "81"]

1.e4 c5 2.Nf3 Nc6 3.Bb5 g6 4.O-O Bg7 5.Bxc6 bxc6 6.d3 Nf6 7.Re1 O-O 8.Nbd2
d6 9.e5 Nd7 10.exd6 exd6 11.Nc4 Nb6 12.Bg5 f6 13.Bf4 Nxc4 14.dxc4 d5 15.c3
Bf5 16.Qa4 Qb6 17.Qa3 Rad8 18.Re7 Rf7 19.Rae1 Be4 20.Bc7 Rxe7 21.Bxb6 axb6
22.Nd2 dxc4 23.Nxe4 Rxe4 24.Kf1 Rxe1+ 25.Kxe1 Re8+ 26.Kf1 Re6 27.Qa6 b5 
28.Qc8+ Kf7 29.Qd7+ Re7 30.Qxc6 b4 31.Qxc5 bxc3 32.Qxc4+ Re6 33.bxc3 f5 
34.a4 Be5 35.a5 Bb8 36.a6 Ba7 37.Qc8 Kf6 38.Qf8+ Kg5 39.h4+ Kf4 40.Qf7 
Rxa6 41.Qc4+ 1-0

[Event "16th Unive op"]
[Site "Hoogeveen NED"]
[Date "2012.10.27"]
[Round "9.18"]
[White "l`Ami, Alina"]
[Black "Van der Lende, Ilias"]
[Result "1-0"]
[WhiteElo "2376"]
[BlackElo "2169"]
[EventDate "2012.10.19"]
[PlyCount "69"]

1.d4 Nf6 2.c4 e6 3.Nc3 Bb4 4.Qc2 O-O 5.a3 Bxc3+ 6.Qxc3 b5 7.cxb5 c6 8.Bg5 
cxb5 9.e3 Bb7 10.Nf3 a6 11.Bd3 h6 12.Bh4 d6 13.O-O Nbd7 14.Bg3 Rc8 15.Qb4 
Nd5 16.Qd2 N7b6 17.e4 Nf6 18.Bh4 e5 19.Rfe1 Re8 20.Rad1 Nbd7 21.Bb1 Qb6 
22.d5 Rc7 23.h3 Rec8 24.g4 Rc4 25.Bd3 R4c5 26.g5 hxg5 27.Bxg5 Qd8 28.Kh2 
Nf8 29.Nh4 N8h7 30.Rg1 Nxg5 31.Qxg5 Ne8 32.Qh6 R8c7 33.Nf5 g6 34.Rg4 Qf6 
35.Rh4 1-0

[Event "16th Unive op"]
[Site "Hoogeveen NED"]
[Date "2012.10.27"]
[Round "9.19"]
[White "Grant, Jonathan"]
[Black "Hopman, Pieter"]
[Result "1-0"]
[WhiteElo "2217"]
[BlackElo "2344"]
[EventDate "2012.10.19"]
[PlyCount "71"]

1.c4 e5 2.g3 d6 3.Bg2 f5 4.Nc3 Nf6 5.d3 Be7 6.e4 c6 7.Nge2 O-O 8.O-O Be6 
9.b3 Na6 10.h3 Qd7 11.exf5 Bxf5 12.g4 Bg6 13.f4 Bd8 14.f5 Bb6+ 15.d4 Bf7 
16.Na4 Qc7 17.Ba3 Rad8 18.Nxb6 Qxb6 19.Qd2 Rfe8 20.Rae1 Nc7 21.Bb4 Qa6 22.
g5 Nh5 23.g6 hxg6 24.fxg6 Be6 25.Qg5 Nf6 26.Qh4 Rd7 27.Bxd6 e4 28.Ng3 Bxc4
29.Rxf6 gxf6 30.bxc4 Qxc4 31.Nf5 Nd5 32.Qh6 Qc3 33.Rf1 Ne3 34.g7 Rdd8 35.
Bf8 Kf7 36.g8=Q+ 1-0

[Event "16th Unive op"]
[Site "Hoogeveen NED"]
[Date "2012.10.27"]
[Round "9.20"]
[White "Van der Poel, Henk"]
[Black "Kollen, Zyon"]
[Result "1/2-1/2"]
[WhiteElo "2306"]
[BlackElo "2174"]
[EventDate "2012.10.19"]
[PlyCount "137"]

1.e4 e6 2.d4 d5 3.Nc3 Bb4 4.e5 c5 5.Bd2 Nh6 6.a3 Bxc3 7.Bxc3 b6 8.Bb5+ Bd7
9.Be2 Nc6 10.Nf3 Nf5 11.O-O O-O 12.dxc5 bxc5 13.Bd3 Nh4 14.Re1 h6 15.b3 
Rb8 16.Bd2 f5 17.Nxh4 Qxh4 18.g3 Qe7 19.Bf1 Rfc8 20.a4 Rf8 21.Bg2 Nd8 22.
c3 Bc6 23.b4 Ba8 24.b5 a6 25.c4 dxc4 26.Bxa8 Rxa8 27.Qf3 Qb7 28.Qxb7 Nxb7 
29.bxa6 Rxa6 30.Rec1 Rd8 31.Be1 Rd4 32.a5 Kf7 33.Rcb1 Nd8 34.Rb6 Rxb6 35.
axb6 Rd7 36.Ra4 Rd1 37.Kf1 c3 38.Rc4 Nb7 39.Rxc3 Rb1 40.Ra3 Rxb6 41.Ra8 
Ke7 42.Rg8 Kd7 43.Rxg7+ Kc6 44.Rg6 Kd5 45.Rxh6 c4 46.Rh8 Nc5 47.Rd8+ Ke4 
48.Ke2 Rb2+ 49.Rd2 Rb3 50.Rc2 Kd4 51.h4 Ne4 52.Bd2 c3 53.Bc1 Kc4 54.h5 Rb7
55.Ra2 Nc5 56.Ra8 Rb2+ 57.Ke3 Rb7 58.Rc8 c2 59.Kd2 Kd5 60.Kxc2 Ne4 61.Rd8+
Kxe5 62.Bb2+ Rxb2+ 63.Kxb2 Kf6 64.f4 Kg7 65.Re8 Nxg3 66.Re7+ Kh6 67.Rxe6+ 
Kxh5 68.Re5 Kg4 69.Rxf5 1/2-1/2

[Event "16th Unive op"]
[Site "Hoogeveen NED"]
[Date "2012.10.27"]
[Round "9.21"]
[White "Van der Raaf, Erik"]
[Black "Johansson, Linus"]
[Result "0-1"]
[WhiteElo "2163"]
[BlackElo "2287"]
[EventDate "2012.10.19"]
[PlyCount "102"]

1.e4 e6 2.d4 d5 3.e5 c5 4.c3 Qb6 5.Nf3 Nc6 6.Bd3 cxd4 7.cxd4 Bd7 8.O-O 
Nxd4 9.Nbd2 Nxf3+ 10.Qxf3 Ne7 11.Nb3 Nc6 12.Re1 Bb4 13.Re2 O-O 14.Be3 Qc7 
15.Qg3 f5 16.f4 b6 17.Rc1 Qb7 18.Qf3 Kh8 19.g4 g6 20.Rg2 Rac8 21.h4 Na5 
22.Rxc8 Rxc8 23.gxf5 exf5 24.Nd4 Bc5 25.h5 Rg8 26.h6 Bxd4 27.Bxd4 Be6 28.
Bc3 Rd8 29.Be1 d4 30.Qh3 Rc8 31.Ba6 Qe4 32.Qh4 g5 33.Qxg5 Qxg2+ 34.Kxg2 
Rg8 35.b3 Rxg5+ 36.fxg5 Kg8 37.Kg3 Nc6 38.Kf4 Ne7 39.Bg3 Kf7 40.Bc4 Bxc4 
41.bxc4 Ke6 42.Kf3 Ng6 43.a4 Kf7 44.e6+ Kxe6 45.Bb8 Kd7 46.Bxa7 Kc6 47.Ke2
Kb7 48.Bxb6 Kxb6 49.Kd3 Kc5 50.a5 Ne5+ 51.Kc2 f4 0-1

[Event "16th Unive op"]
[Site "Hoogeveen NED"]
[Date "2012.10.27"]
[Round "9.23"]
[White "Timmermans, Ivo"]
[Black "Henseler, Jorgen"]
[Result "1-0"]
[WhiteElo "2254"]
[BlackElo "2062"]
[EventDate "2012.10.19"]
[PlyCount "75"]

1.e4 c5 2.Nf3 Nc6 3.d4 cxd4 4.Nxd4 Nf6 5.Nc3 e5 6.Ndb5 d6 7.Bg5 a6 8.Na3 
b5 9.Nd5 Be7 10.Bxf6 Bxf6 11.c3 O-O 12.Nc2 Bg5 13.a4 bxa4 14.Rxa4 a5 15.
Bc4 Rb8 16.b3 Kh8 17.Nce3 g6 18.h4 Bxe3 19.Nxe3 f5 20.h5 g5 21.exf5 Bxf5 
22.Nxf5 Rxf5 23.Qd5 Qb6 24.O-O Rbf8 25.Ra2 R5f6 26.b4 a4 27.Qb5 Qc7 28.
Rxa4 Ne7 29.Ra3 Nf5 30.Qd5 Nh4 31.Ra8 Kg7 32.Rxf8 Rxf8 33.Ra1 Qb6 34.Ra2 
g4 35.Qe6 Nf5 36.Bd3 Rf6 37.Qc4 Ne3 38.Qe4 1-0

[Event "16th Unive op"]
[Site "Hoogeveen NED"]
[Date "2012.10.27"]
[Round "9.24"]
[White "Padurariu, Ioana-Smaranda"]
[Black "Lee, Kai Jie Edward"]
[Result "0-1"]
[WhiteElo "2236"]
[BlackElo "2143"]
[EventDate "2012.10.19"]
[PlyCount "68"]

1.e4 Nf6 2.e5 Nd5 3.d4 d6 4.c4 Nb6 5.exd6 cxd6 6.Nc3 g6 7.Be3 Bg7 8.Rc1 
O-O 9.Nf3 Bg4 10.Be2 Nc6 11.b3 d5 12.c5 Nc8 13.O-O Bxf3 14.Bxf3 e6 15.b4 
N8e7 16.b5 Na5 17.Ne2 Nf5 18.Bf4 Re8 19.g4 Nh4 20.Bh1 g5 21.Bg3 Ng6 22.Qd3
Rc8 23.Qa3 Nf4 24.Nxf4 gxf4 25.Bxf4 Bxd4 26.Rfd1 Nc4 27.Qh3 Qf6 28.Qg3 
Rxc5 29.g5 Qg7 30.h4 Rxb5 31.h5 Rb2 32.h6 Bxf2+ 33.Qxf2 Rxf2 34.hxg7 Rxf4 
0-1

[Event "16th Unive op"]
[Site "Hoogeveen NED"]
[Date "2012.10.27"]
[Round "9.25"]
[White "Vos, Tjark"]
[Black "Mellema, Andries"]
[Result "1-0"]
[WhiteElo "2003"]
[BlackElo "2181"]
[EventDate "2012.10.19"]
[PlyCount "80"]

1.e4 e6 2.d4 d5 3.Nc3 Nf6 4.Bg5 dxe4 5.Nxe4 Be7 6.Nxf6+ Bxf6 7.Bxf6 Qxf6 
8.Nf3 O-O 9.Bd3 c5 10.O-O cxd4 11.Nxd4 Rd8 12.Nf3 Na6 13.Qe2 Nc5 14.Rad1 
b6 15.Ne5 Nxd3 16.Rxd3 Rxd3 17.Qxd3 Bb7 18.Rd1 h6 19.Qd6 Rc8 20.c3 Qg5 21.
g3 Qf5 22.f3 f6 23.Qe7 Qc2 24.Qf7+ Kh7 25.Rd7 Rg8 26.Qxf6 Ba6 27.h4 Qb1+ 
28.Kh2 Qxb2+ 29.Kh3 Qb1 30.h5 Qf5+ 31.Qxf5+ exf5 32.Rxa7 Be2 33.Rf7 Ba6 
34.Kh4 Bc8 35.Ng6 Re8 36.Re7 Rd8 37.Kh3 Ba6 38.Re6 Rd2 39.g4 Bd3 40.Kg3 
fxg4 1-0

[Event "16th Unive op"]
[Site "Hoogeveen NED"]
[Date "2012.10.27"]
[Round "9.26"]
[White "Go, Benjamin"]
[Black "Baskin, Robert"]
[Result "1/2-1/2"]
[WhiteElo "2175"]
[BlackElo "2071"]
[EventDate "2012.10.19"]
[PlyCount "42"]

1.e4 c5 2.b4 cxb4 3.a3 d5 4.exd5 Qxd5 5.Nf3 e6 6.Be2 Nf6 7.O-O Nc6 8.d4 
Be7 9.axb4 Bxb4 10.c3 Be7 11.c4 Qd8 12.Nc3 O-O 13.Nb5 a6 14.Bf4 Nh5 15.Bc7
Qd7 16.Ne5 Nxe5 17.Bxe5 Nf6 18.Nc7 Ra7 19.Nb5 Ra8 20.Nc7 Ra7 21.Nb5 Ra8 
1/2-1/2

[Event "16th Unive op"]
[Site "Hoogeveen NED"]
[Date "2012.10.27"]
[Round "9.27"]
[White "Veinberg, Nimrod"]
[Black "Sadallah, Osama"]
[Result "1-0"]
[WhiteElo "2170"]
[BlackElo "2126"]
[EventDate "2012.10.19"]
[PlyCount "73"]

1.d4 Nf6 2.c4 g6 3.Nc3 Bg7 4.e4 d6 5.h3 O-O 6.Bg5 c5 7.d5 e6 8.Bd3 exd5 9.
exd5 Nbd7 10.Nf3 Re8+ 11.Kf1 Qb6 12.Qc2 Ne5 13.Nxe5 dxe5 14.Re1 Bd7 15.g4 
h6 16.Be3 Rac8 17.Kg2 Qd6 18.f3 b5 19.cxb5 Nxd5 20.Nxd5 Qxd5 21.Bc4 Qb7 
22.Bxh6 e4 23.Bxg7 exf3+ 24.Kf2 Kxg7 25.Qc3+ Kg8 26.Qf6 Bxb5 27.Qxg6+ Kf8 
28.Qh6+ Kg8 29.Qg5+ Kf8 30.Rxe8+ Bxe8 31.Qf6 Kg8 32.Re1 Qd7 33.Re5 Qd2+ 
34.Kg3 Qg2+ 35.Kh4 Qf2+ 36.Kh5 Qd4 37.Rxe8+ 1-0

[Event "16th Unive op"]
[Site "Hoogeveen NED"]
[Date "2012.10.27"]
[Round "9.29"]
[White "Ritsema, Ronald JE"]
[Black "Vroombout, Enrico"]
[Result "1/2-1/2"]
[WhiteElo "2058"]
[BlackElo "2243"]
[EventDate "2012.10.19"]
[PlyCount "33"]

1.d4 Nf6 2.c4 g6 3.Nf3 Bg7 4.g3 d6 5.Bg2 O-O 6.O-O Nbd7 7.Nc3 e5 8.h3 Re8 
9.e4 c6 10.Re1 a6 11.Rb1 b5 12.b3 Rb8 13.cxb5 axb5 14.dxe5 dxe5 15.b4 Bf8 
16.Bf1 Qc7 17.Qc2 1/2-1/2

[Event "16th Unive op"]
[Site "Hoogeveen NED"]
[Date "2012.10.27"]
[Round "9.30"]
[White "Hendriks, Richard V"]
[Black "Lesman, Francis"]
[Result "1/2-1/2"]
[WhiteElo "2123"]
[BlackElo "2100"]
[EventDate "2012.10.19"]
[PlyCount "36"]

1.e4 c6 2.Nc3 g6 3.Bc4 Bg7 4.d3 e6 5.Qe2 Ne7 6.e5 d5 7.exd6 Nf5 8.Ne4 Nxd6
9.Bg5 Qa5+ 10.Bd2 Qd8 11.Bb4 Nxe4 12.dxe4 Qb6 13.Qd2 Nd7 14.Nf3 c5 15.Bc3 
Bxc3 16.Qxc3 Qb4 17.Qxb4 cxb4 18.O-O-O O-O 1/2-1/2

[Event "16th Unive op"]
[Site "Hoogeveen NED"]
[Date "2012.10.27"]
[Round "9.31"]
[White "Klomp, Robert"]
[Black "Kazarian, Anna-Maja"]
[Result "0-1"]
[WhiteElo "2119"]
[BlackElo "1864"]
[EventDate "2012.10.19"]
[PlyCount "128"]

1.c4 e5 2.g3 Nf6 3.Bg2 d5 4.cxd5 Nxd5 5.Nc3 Nb6 6.Nf3 Nc6 7.O-O Be7 8.a3 
a5 9.d3 O-O 10.Be3 Be6 11.Rc1 f5 12.Nb5 f4 13.Bc5 fxg3 14.hxg3 Kh8 15.Qd2 
Bd5 16.e4 Be6 17.Bxe7 Qxe7 18.Ng5 Bg8 19.f4 Rad8 20.Rf2 Bc4 21.Rxc4 Nxc4 
22.Qe2 Nd6 23.Nc3 Nf7 24.Nd5 Qd6 25.Qh5 Nxg5 26.Qxg5 Qg6 27.Qh4 Rd7 28.Bh3
Rdf7 29.f5 Qd6 30.Rh2 Ne7 31.Bf1 g6 32.Ne3 gxf5 33.Nxf5 Nxf5 34.exf5 Qb6+ 
35.Kh1 Qc6+ 36.Kg1 Qf3 37.Rf2 Qe3 38.g4 Rf6 39.Kg2 Rh6 40.Qg3 Qxg3+ 41.
Kxg3 Rd6 42.g5 h6 43.gxh6 Kh7 44.Be2 Rxh6 45.Kg4 Rg8+ 46.Kf3 Rh4 47.Ke3 
Rg3+ 48.Bf3 Rf4 49.Ke2 Kg7 50.Be4 Rxf2+ 51.Kxf2 Rg5 52.Ke3 b6 53.b4 Rg1 
54.bxa5 bxa5 55.Bc6 Kf6 56.Bd7 Ke7 57.Bb5 Rf1 58.a4 Kd6 59.d4 Rxf5 60.
dxe5+ Kxe5 61.Kd3 Rf4 62.Kc3 Kd5 63.Kb3 c6 64.Ba6 Kc5 0-1

[Event "16th Unive op"]
[Site "Hoogeveen NED"]
[Date "2012.10.27"]
[Round "9.33"]
[White "Hovenga, Alje"]
[Black "Haver, Bas"]
[Result "1/2-1/2"]
[WhiteElo "2246"]
[BlackElo "2044"]
[EventDate "2012.10.19"]
[PlyCount "52"]

1.d4 Nf6 2.Nf3 c5 3.d5 e6 4.Nc3 exd5 5.Nxd5 Nxd5 6.Qxd5 d6 7.e4 Nc6 8.c3 
Be6 9.Qh5 g6 10.Qg5 Bg7 11.Be2 O-O 12.O-O f5 13.Qxd8 Nxd8 14.Ng5 fxe4 15.
Nxe6 Nxe6 16.Bc4 Rae8 17.Bd5 Kh8 18.Bxe4 Nd4 19.cxd4 Rxe4 20.dxc5 dxc5 21.
Be3 b6 22.Rab1 Bd4 23.Bxd4+ Rxd4 24.f3 Rd2 25.Rf2 Rfd8 26.Re1 Rxf2 1/2-1/2

[Event "16th Unive op"]
[Site "Hoogeveen NED"]
[Date "2012.10.27"]
[Round "9.34"]
[White "Voss, Herman"]
[Black "Potze, Rudolf"]
[Result "0-1"]
[WhiteElo "2015"]
[BlackElo "2124"]
[EventDate "2012.10.19"]
[PlyCount "76"]

1.e4 c5 2.Nf3 Nc6 3.d4 cxd4 4.Nxd4 Nf6 5.Nc3 e5 6.Ndb5 d6 7.Bg5 a6 8.Na3 
b5 9.Nd5 Be7 10.Bxf6 Bxf6 11.c3 O-O 12.Nc2 Rb8 13.h4 Be7 14.g3 Be6 15.Qd2 
Qd7 16.Bg2 Bd8 17.Nce3 a5 18.a3 b4 19.axb4 axb4 20.O-O bxc3 21.bxc3 Ne7 
22.Ra6 Bxd5 23.Nxd5 Nxd5 24.Qxd5 Bb6 25.Rfa1 g6 26.Bf1 Qe7 27.Kg2 Kg7 28.
Ra8 Bc5 29.Rxb8 Rxb8 30.Ra2 h6 31.Bc4 g5 32.hxg5 hxg5 33.Qd2 Qf6 34.Rb2 
Rh8 35.Rb7 Qh6 36.Rxf7+ Kg6 37.Kf1 Qh1+ 38.Ke2 Qxe4+ 0-1